| 000 | 00483nam a22001577a 4500 | ||
|---|---|---|---|
| 020 | _a978-93-85175-04-6 | ||
| 082 |
_a894.812.3 _bKOC/O |
||
| 100 | _aKOCHUVEEDAN, JAISON | ||
| 245 | _aORU MANJUKALA KATHA | ||
| 250 | _aSECOND EDITION | ||
| 260 |
_aTHRISSUR _bH & C _c2017 |
||
| 300 | _a32 | ||
| 520 | _aഷേക്സ്പിയറിന്റെ വിഖ്യാത നാടകത്തിന്റെ കഥാരൂപം | ||
| 650 |
_aMALAYALAM STORY _zKERALA |
||
| 942 | _cBK | ||
| 999 |
_c7902 _d7902 |
||